<?xml version="1.0" encoding="UTF-8"?>
<collection xmlns="http://www.loc.gov/MARC21/slim">
 <record>
  <leader>01163nam a22001937i 4500</leader>
  <controlfield tag="001">000542092</controlfield>
  <controlfield tag="008">180403s1921    ??     fr     000 0 cze?d</controlfield>
  <datafield tag="STA" ind1=" " ind2=" ">
   <subfield code="a">Rychlá katalogizace</subfield>
  </datafield>
  <datafield tag="100" ind1=" " ind2=" ">
   <subfield code="a">Conrad, J.</subfield>
  </datafield>
  <datafield tag="245" ind1=" " ind2="0">
   <subfield code="a">Grundriss zum Studium der politischen Oekonomie</subfield>
  </datafield>
  <datafield tag="264" ind1=" " ind2="1">
   <subfield code="a">Jena</subfield>
   <subfield code="b">Verlag von Gustav Fischer</subfield>
   <subfield code="c">1921</subfield>
  </datafield>
  <datafield tag="300" ind1=" " ind2=" ">
   <subfield code="a">510 s.</subfield>
  </datafield>
  <datafield tag="993" ind1=" " ind2=" ">
   <subfield code="x">NEPOSILAT</subfield>
   <subfield code="y">RYCHLA</subfield>
  </datafield>
  <datafield tag="NOT" ind1="E" ind2="1">
   <subfield code="a">Erster Teil</subfield>
  </datafield>
  <datafield tag="996" ind1=" " ind2=" ">
   <subfield code="1">PDPZ2</subfield>
   <subfield code="3">F1535</subfield>
   <subfield code="4">PC=693/21</subfield>
   <subfield code="5">3142302759</subfield>
   <subfield code="7">Vierter Teil : Statistik 2.Teil II 1. 3.Aufl.;Erster Teil</subfield>
   <subfield code="8">20180403</subfield>
   <subfield code="f">95</subfield>
   <subfield code="h">Vierter Teil : Statistik 2.Teil II 1. 3.Aufl.</subfield>
   <subfield code="l">UEP01</subfield>
   <subfield code="m">BOOK</subfield>
   <subfield code="q">Knihovna Žižkov depoz. 2</subfield>
   <subfield code="t">prezenční - lze objednat</subfield>
   <subfield code="u">UEP01</subfield>
   <subfield code="w">20180403</subfield>
  </datafield>
  <datafield tag="996" ind1=" " ind2=" ">
   <subfield code="1">PDPZ2</subfield>
   <subfield code="3">F1535</subfield>
   <subfield code="4">PC=693/21</subfield>
   <subfield code="5">3142302763</subfield>
   <subfield code="7">Erster Teil Nationalökonomie I0. Aufl.</subfield>
   <subfield code="8">20180403</subfield>
   <subfield code="f">95</subfield>
   <subfield code="h">Erster Teil Nationalökonomie I0. Aufl.</subfield>
   <subfield code="l">UEP01</subfield>
   <subfield code="m">BOOK</subfield>
   <subfield code="q">Knihovna Žižkov depoz. 2</subfield>
   <subfield code="t">prezenční - lze objednat</subfield>
   <subfield code="u">UEP01</subfield>
   <subfield code="w">20180403</subfield>
  </datafield>
  <datafield tag="996" ind1=" " ind2=" ">
   <subfield code="1">PDPZ2</subfield>
   <subfield code="3">F1535</subfield>
   <subfield code="4">PC=693/21</subfield>
   <subfield code="5">3142302764</subfield>
   <subfield code="7">Dritter Teil : Finanzwissenschaft 8.Aufl.;Dritter Teil</subfield>
   <subfield code="8">20180403</subfield>
   <subfield code="f">95</subfield>
   <subfield code="h">Dritter Teil : Finanzwissenschaft 8.Aufl.</subfield>
   <subfield code="l">UEP01</subfield>
   <subfield code="m">BOOK</subfield>
   <subfield code="q">Knihovna Žižkov depoz. 2</subfield>
   <subfield code="t">prezenční - lze objednat</subfield>
   <subfield code="u">UEP01</subfield>
   <subfield code="w">20180403</subfield>
  </datafield>
 </record>
</collection>
